00312nam a22000977a 4500082001300000100002500013245010600038260003100144300001000175650002900185 aDx54 T15 aTamang, AMar B. Lama aNepal-India relations in the changing context: Complexities and opportunitiescby Amar B. Lama Tamang aKathmandubSangri Lac2021 a433p. aNepal- India - Relations